| 000 | 00362 a2200157 4500 | ||
|---|---|---|---|
| 001 | 72688 | ||
| 020 | _a8532212174 | ||
| 040 | _cAnchieta - Colégio São Paulo | ||
| 100 | _aSaldanha, Paula | ||
| 240 | 1 | 0 |
_aEldorado, garimpo coragem _lpor |
| 245 | 1 | 0 | _aEldorado, garimpo coragem |
| 300 | _a53 | ||
| 362 | 0 | _a1997 | |
| 650 | 4 | _aLiteratura juvenil | |
| 942 | _cBK | ||
| 999 |
_c72688 _d72688 |
||